000 00318nam a22001217a 4500
999 _c4758
_d4758
008 250320b ||||| |||| 00| 0 eng d
020 _a9780230754027
082 _a823.92
100 _aJones,Lara
_eAuthor
245 _aThe Mystery Trail
260 _a20 New Wharf Road,London N1 9RR
_bCampbell Books
_c2013
942 _2ddc